[Event "WSCC 65 Open 2017"]
[Site "?"]
[Date "2017.11.11"]
[Round "5"]
[White "Hardicsay, Peter"]
[Black "Vogt, Lothar"]
[Result "0-1"]
[WhiteElo "2213"]
[BlackElo "2398"]
[PlyCount "70"]
[EventDate "2017.??.??"]
[EventType "swiss"]
[EventCountry "ITA"]
[SourceTitle "Acqui Terme"]
[TimeControl "40/5400+30:1800+30"]
[WhiteClock "0:02:15"]
[BlackClock "0:19:16"]

1. e4 {[%emt 0:00:00]} c5 {[%emt 0:00:13]} 2. Nf3 {[%emt 0:00:00]} d6 {[%emt 0:00:51]} 3. Bb5+ {[%emt 0:01:13]} Bd7 {[%emt 0:00:04]} 4. Bxd7+ {[%emt 0:00:40]} Qxd7 {[%emt 0:00:04]} 5. c4 {[%emt 0:00:39]} Nf6 {[%emt 0:02:08]} 6. Nc3 {[%emt 0:03:29]} g6 {[%emt 0:00:12]} 7. O-O {[%emt 0:03:43]} Nc6 {[%emt 0:01:31]} 8. d3 {[%emt 0:03:12]} Bg7 {[%emt 0:00:13]} 9. h3 {[%emt 0:01:20]} O-O {[%emt 0:00:58]} 10. a3 {[%emt 0:00:19]} Ne8 11. Be3 {[%emt 0:09:05]} Nd4 {[%emt 0:08:24]} 12. Rb1 {[%emt 0:04:25]} Nc7 13. Bxd4 {[%emt 0:08:25]} cxd4 {[%emt 0:02:22]} 14. Nd5 {[%emt 0:01:06]} Na6 {[%emt 0:07:47]} 15. b4 {[%emt 0:10:15]} e6 {[%emt 0:02:02]} 16. Nf4 {[%emt 0:03:11]} Bh6 {[%emt 0:01:55]} 17. Ne2 {[%emt 0:00:22]} e5 {[%emt 0:00:02]} 18. Ng3 {[%emt 0:13:58]} Nc7 {[%emt 0:02:22]} 19. Nh2 {[%emt 0:03:29]} Ne6 {[%emt 0:05:08]} 20. Qg4 {[%emt 0:07:49]} Kh8 {[%emt 0:04:02]} 21. b5 {[%emt 0:01:36]} a6 {[%emt 0:08:17]} 22. a4 {[%emt 0:00:08]} axb5 {[%emt 0:00:55]} 23. axb5 {[%emt 0:00:07]} Ra3 {[%emt 0:00:48]} 24. Rbd1 {[%emt 0:00:54]} Rfa8 {[%emt 0:04:56]} 25. Ne2 {[%emt 0:02:05]} Qe7 {[%emt 0:03:07]} 26. g3 {[%emt 0:04:08]} Nc5 {[%emt 0:01:22]} 27. Qf3 {[%emt 0:00:31]} Qe6 {[%emt 0:03:34]} 28. Kg2 {[%emt 0:00:49]} f5 {[%emt 0:01:52]} 29. exf5 {[%emt 0:02:48]} Qxf5 {[%emt 0:02:27]} 30. Qd5 {[%emt 0:04:02]} Rxd3 {[%emt 0:16:24]} 31. Rxd3 {[%emt 0:04:28]} Qxd3 {[%emt 0:00:04]} 32. Qxd6 {[%emt 0:00:56]} Ne4 {[%emt 0:00:43]} 33. Qd5 {[%emt 0:04:04]} Qxe2 {[%emt 0:00:24]} 34. Ng4 {[%emt 0:01:07]} Rf8 {[%emt 0:03:12]} 35. Qxe5+ {[%emt 0:00:52]} Bg7 {[%emt 0:00:21]} 0-1

[Event "WSCC 65 Open 2017"]
[Site "?"]
[Date "2017.11.11"]
[Round "5"]
[White "Haubt, Georg"]
[Black "Lisenko, Alexander V"]
[Result "0-1"]
[WhiteElo "2195"]
[BlackElo "2372"]
[PlyCount "84"]
[EventDate "2017.??.??"]
[EventType "swiss"]
[EventCountry "ITA"]
[SourceTitle "Acqui Terme"]
[TimeControl "40/5400+30:1800+30"]

1. d4 Nf6 2. Bg5 d5 3. e3 c6 4. Nd2 Bf5 5. Bxf6 exf6 6. c4 Qb6 7. Qb3 Bb4 8. Ngf3 dxc4 9. Bxc4 O-O 10. a3 Bd6 11. e4 Qxb3 12. Bxb3 Re8 13. O-O-O Bxe4 14. Rhe1 Bf4 15. g3 Bh6 16. Bc2 f5 17. Nh4 Na6 18. Nxf5 Bxf5 19. Bxf5 g6 20. Bc2 Rad8 21. Rxe8+ Rxe8 22. f4 Re2 23. Nf3 Rf2 24. Ne5 Rxh2 25. Bb3 Rh3 26. Bxf7+ Kg7 27. Be6 Rxg3 28. Bc8 Bxf4+ 29. Kb1 Bxe5 30. dxe5 Nc5 31. b4 Rd3 32. Re1 Rd8 33. Bh3 Na4 34. Kc2 Nb6 35. e6 Nd5 36. Kb3 Re8 37. Re4 Kf6 38. Kc4 g5 39. b5 Nf4 40. bxc6 bxc6 41. Bf1 Rxe6 42. Rd4 Re1 0-1

[Event "WSCC 65 Open 2017"]
[Site "?"]
[Date "2017.11.11"]
[Round "5"]
[White "Trois, Francisco R T"]
[Black "Rooze, Jan"]
[Result "1/2-1/2"]
[WhiteElo "2184"]
[BlackElo "2314"]
[PlyCount "68"]
[EventDate "2017.??.??"]
[EventType "swiss"]
[EventCountry "ITA"]
[SourceTitle "Acqui Terme"]
[TimeControl "40/5400+30:1800+30"]
[WhiteClock "0:24:10"]
[BlackClock "0:10:27"]

1. Nf3 {[%emt 0:00:00]} c5 {[%emt 0:01:08]} 2. g3 {[%emt 0:03:59]} b6 {[%emt 0:00:12]} 3. Bg2 {[%emt 0:00:14]} Bb7 {[%emt 0:00:05]} 4. c4 {[%emt 0:00:57]} Nf6 {[%emt 0:00:19]} 5. O-O {[%emt 0:01:31]} g6 {[%emt 0:03:24]} 6. Nc3 {[%emt 0:04:13]} Bg7 {[%emt 0:01:26]} 7. d4 {[%emt 0:00:07]} cxd4 {[%emt 0:00:06]} 8. Qxd4 {[%emt 0:00:07]} d6 {[%emt 0:00:55]} 9. Qh4 {[%emt 0:00:40]} Nbd7 {[%emt 0:07:31]} 10. Bh6 {[%emt 0:00:52]} O-O {[%emt 0:06:12]} 11. Rfd1 {[%emt 0:01:46]} Rc8 {[%emt 0:04:38]} 12. Bxg7 {[%emt 0:10:33]} Kxg7 {[%emt 0:00:57]} 13. Rac1 {[%emt 0:01:28]} a6 {[%emt 0:03:40]} 14. Qd4 {[%emt 0:05:44]} Qc7 {[%emt 0:06:55]} 15. b3 {[%emt 0:00:51]} Kg8 {[%emt 0:00:42]} 16. Qe3 {[%emt 0:01:53]} Qd8 {[%emt 0:22:51]} 17. Nd5 {[%emt 0:06:18]} Nxd5 {[%emt 0:03:34]} 18. cxd5 {[%emt 0:00:03]} Rxc1 {[%emt 0:00:19]} 19. Qxc1 {[%emt 0:01:39]} Nf6 {[%emt 0:01:30]} 20. Nd4 {[%emt 0:06:38]} Nxd5 {[%emt 0:02:40]} 21. Nc6 {[%emt 0:00:19]} Bxc6 {[%emt 0:00:11]} 22. Qxc6 {[%emt 0:00:03]} Nf6 {[%emt 0:01:16]} 23. Qb7 {[%emt 0:01:28]} a5 {[%emt 0:03:24]} 24. Rc1 {[%emt 0:00:11]} Nd7 {[%emt 0:00:28]} 25. Rc7 {[%emt 0:00:57]} Nc5 {[%emt 0:02:43]} 26. Qxb6 {[%emt 0:05:19]} Ne6 {[%emt 0:01:39]} 27. Rc6 {[%emt 0:11:51]} Qxb6 {[%emt 0:00:14]} 28. Rxb6 {[%emt 0:00:02]} Rc8 {[%emt 0:00:07]} 29. Rb5 {[%emt 0:05:54]} a4 {[%emt 0:06:44]} 30. bxa4 {[%emt 0:00:49]} Rc1+ {[%emt 0:00:15]} 31. Bf1 {[%emt 0:00:08]} Rc2 {[%emt 0:00:11]} 32. a5 {[%emt 0:05:15]} Rxa2 {[%emt 0:00:09]} 33. e3 {[%emt 0:00:10]} Kg7 {[%emt 0:01:16]} 34. Rb7 {[%emt 0:00:51]} Rxa5 {[%emt 0:09:22]} 1/2-1/2

[Event "WSCC 65 Open 2017"]
[Site "?"]
[Date "2017.11.12"]
[Round "6"]
[White "Okhotnik, Vladimir"]
[Black "Jansa, Vlastimil"]
[Result "1/2-1/2"]
[WhiteElo "2434"]
[BlackElo "2425"]
[Annotator "TA"]
[PlyCount "28"]
[EventDate "2017.??.??"]
[EventType "swiss"]
[EventCountry "ITA"]
[SourceTitle "Acqui Terme"]

{[%evp 13,28,15,30,24,18,26,31,0,0,0,0,-4,8,5,2,-17,-5]} 1. e4 {[%cal Be2e4,Be4e5][%mdl 32]} c5 2. c3 Nf6 3. e5 Nd5 4. Nf3 e6 5. Bc4 Nb6 6. Bb3 d6 {B22: Sicilian: 2 c3} (6... Nc6 7. d4 cxd4 8. cxd4 d6 9. exd6 Bxd6 10. O-O O-O 11. Nc3 Ne7 12. Qe2 Bd7 13. Ne5 Bxe5 14. dxe5 Bc6 15. Bg5 Qe8 16. Rad1 Nbd5 17. Rd3 Ng6 18. Bxd5 exd5 19. Re1 Qe6 {½-½ (51) Zhigalko,S (2656)-Andreikin,D (2720) Berlin 2015}) 7. d4 cxd4 {LiveBook: 67 Games} 8. Bg5 Be7 {White has an edge.} 9. Bxe7 Qxe7 10. cxd4 dxe5 {The position is equal.} 11. dxe5 Bd7 $146 {[%cal Bc8d7,Bd7c6,Bc6f3][%mdl 32]} ({Predecessor:} 11... Nc6 12. O-O O-O 13. Nc3 Nd7 14. Qe2 a6 15. Bc2 {1-0 (32) Meisch,T-Sumer,G (1703) Kemer 2009}) 12. O-O Bc6 13. Nc3 O-O 14. Qe2 Bxf3 1/2-1/2

[Event "WSCC 65 Open 2017"]
[Site "?"]
[Date "2017.11.12"]
[Round "6"]
[White "Vasiukov, Evgeni"]
[Black "Hjertenes, Oystein"]
[Result "1-0"]
[WhiteElo "2404"]
[BlackElo "2007"]
[PlyCount "109"]
[EventDate "2017.??.??"]
[EventType "swiss"]
[EventCountry "ITA"]
[SourceTitle "Acqui Terme"]
[TimeControl "40/5400+30:1800+30"]
[WhiteClock "0:39:14"]
[BlackClock "0:20:39"]

1. e4 {[%emt 0:00:00]} g6 {[%emt 0:00:17]} 2. d4 Bg7 {[%emt 0:00:43]} 3. c4 {[%emt 0:01:57]} d6 {[%emt 0:00:57]} 4. Nc3 {[%emt 0:00:09]} Nd7 5. Be3 {[%emt 0:04:33]} c6 {[%emt 0:04:36]} 6. h4 {[%emt 0:03:35]} h5 {[%emt 0:01:36]} 7. Nh3 {[%emt 0:08:20]} e5 {[%emt 0:01:38]} 8. d5 {[%emt 0:00:48]} c5 {[%emt 0:01:50]} 9. Ng5 {[%emt 0:01:39]} Ndf6 {[%emt 0:06:09]} 10. f3 {[%emt 0:00:53]} a6 {[%emt 0:05:52]} 11. Be2 {[%emt 0:09:42]} Bd7 {[%emt 0:05:56]} 12. a3 {[%emt 0:03:25]} Ne7 {[%emt 0:05:01]} 13. b4 {[%emt 0:02:03]} b6 {[%emt 0:00:44]} 14. Rb1 {[%emt 0:00:39]} O-O {[%emt 0:10:24]} 15. Qb3 {[%emt 0:06:46]} Qc8 {[%emt 0:07:16]} 16. Kd2 {[%emt 0:05:12]} Rd8 {[%emt 0:02:50]} 17. Rbg1 {[%emt 0:03:56]} Kf8 {[%emt 0:03:39]} 18. b5 {[%emt 0:06:51]} Neg8 {[%emt 0:07:29]} 19. Nh3 {[%emt 0:02:42]} axb5 {[%emt 0:07:06]} 20. cxb5 {[%emt 0:00:15]} Qb7 {[%emt 0:02:02]} 21. Nf2 {[%emt 0:02:08]} Bh6 {[%emt 0:06:08]} 22. Bxh6+ {[%emt 0:00:50]} Nxh6 {[%emt 0:00:11]} 23. g4 {[%emt 0:00:16]} Nhg8 {[%emt 0:00:25]} 24. Nfd1 {[%emt 0:02:43]} Qa7 {[%emt 0:00:31]} 25. g5 {[%emt 0:00:52]} Ne8 {[%emt 0:00:59]} 26. a4 {[%emt 0:00:11]} Qa5 {[%emt 0:00:32]} 27. Nb2 {[%emt 0:00:46]} Bc8 {[%emt 0:02:16]} 28. Nc4 {[%emt 0:00:20]} Qa7 {[%emt 0:00:24]} 29. Rf1 {[%emt 0:04:39]} Rd7 {[%emt 0:03:22]} 30. f4 {[%emt 0:00:20]} exf4 {[%emt 0:00:33]} 31. Rxf4 {[%emt 0:00:02]} Re7 {[%emt 0:01:04]} 32. Rhf1 {[%emt 0:00:46]} Qb8 {[%emt 0:00:29]} 33. Qd1 {[%emt 0:03:19]} Raa7 {[%emt 0:01:20]} 34. Bd3 {[%emt 0:00:40]} Bg4 {[%emt 0:01:15]} 35. Qe1 {[%emt 0:02:05]} Rab7 {[%emt 0:01:47]} 36. a5 {[%emt 0:04:31]} bxa5 {[%emt 0:05:52]} 37. Nxa5 {[%emt 0:01:13]} c4 {[%emt 0:00:35]} 38. Nc6 {[%emt 0:02:09]} Qc8 {[%emt 0:01:06]} 39. Nxe7 {[%emt 0:02:01]} Rxe7 {[%emt 0:00:15]} 40. Qf2 {[%emt 0:00:35]} f6 {[%emt 0:31:49]} 41. gxf6 {[%emt 0:31:02]} Rf7 {[%emt 0:02:34]} 42. Bc2 {[%emt 0:00:44]} Ngxf6 {[%emt 0:00:56]} 43. Qd4 {[%emt 0:00:25]} Kg7 {[%emt 0:00:00]} 44. e5 {[%emt 0:00:00]} dxe5 {[%emt 0:00:00]} 45. Qxe5 {[%emt 0:00:00]} Qc5 {[%emt 0:00:00]} 46. Rxf6 {[%emt 0:00:00]} Nxf6 {[%emt 0:00:00]} 47. Rxf6 {[%emt 0:00:00]} Rxf6 {[%emt 0:00:00]} 48. Qxf6+ {[%emt 0:00:00]} Kxf6 {[%emt 0:00:00]} 49. Ne4+ {[%emt 0:00:00]} Ke5 {[%emt 0:00:00]} 50. Nxc5 {[%emt 0:00:00]} Kxd5 {[%emt 0:00:00]} 51. b6 {[%emt 0:00:00]} Bc8 {[%emt 0:00:00]} 52. b7 {[%emt 0:00:00]} Bxb7 {[%emt 0:00:00]} 53. Nxb7 {[%emt 0:00:00]} Kc6 {[%emt 0:00:00]} 54. Nd8+ {[%emt 0:00:00]} Kd7 {[%emt 0:00:00]} 55. Nf7 {[%emt 0:00:00]} 1-0

[Event "WSCC 65 Open 2017"]
[Site "?"]
[Date "2017.11.12"]
[Round "6"]
[White "Vogt, Lothar"]
[Black "Primbetov, Marat"]
[Result "1/2-1/2"]
[WhiteElo "2398"]
[BlackElo "2222"]
[PlyCount "53"]
[EventDate "2017.??.??"]
[EventType "swiss"]
[EventCountry "ITA"]
[SourceTitle "Acqui Terme"]
[TimeControl "40/5400+30:1800+30"]
[WhiteClock "0:44:16"]
[BlackClock "0:32:10"]

1. e4 {[%emt 0:00:00]} c5 {[%emt 0:00:32]} 2. c3 Nf6 {[%emt 0:00:46]} 3. e5 {[%emt 0:00:00]} Nd5 {[%emt 0:00:08]} 4. Nf3 {[%emt 0:00:00]} Nc6 {[%emt 0:01:24]} 5. Bc4 {[%emt 0:00:00]} Nb6 {[%emt 0:00:28]} 6. Bb3 d5 7. exd6 {[%emt 0:04:21]} e6 {[%emt 0:05:35]} 8. d4 {[%emt 0:03:47]} Bxd6 {[%emt 0:02:02]} 9. dxc5 {[%emt 0:05:15]} Bxc5 {[%emt 0:01:04]} 10. Qxd8+ {[%emt 0:00:03]} Nxd8 {[%emt 0:00:26]} 11. Nbd2 {[%emt 0:03:19]} Be7 {[%emt 0:12:35]} 12. O-O {[%emt 0:03:24]} Nd7 {[%emt 0:09:36]} 13. Ne4 {[%emt 0:08:50]} Nc5 {[%emt 0:01:27]} 14. Bc2 {[%emt 0:01:49]} Bd7 {[%emt 0:11:20]} 15. Ne5 {[%emt 0:04:21]} Bb5 {[%emt 0:08:55]} 16. c4 {[%emt 0:04:07]} Ba6 {[%emt 0:05:36]} 17. b3 {[%emt 0:04:33]} Rc8 {[%emt 0:01:21]} 18. Be3 {[%emt 0:04:08]} f6 {[%emt 0:01:04]} 19. Nxc5 {[%emt 0:01:40]} Bxc5 {[%emt 0:00:02]} 20. Bxc5 {[%emt 0:00:22]} Rxc5 {[%emt 0:00:01]} 21. Nd3 {[%emt 0:00:15]} Rc7 {[%emt 0:01:35]} 22. Nb4 {[%emt 0:02:34]} Nc6 {[%emt 0:00:09]} 23. Nxa6 {[%emt 0:01:00]} bxa6 {[%emt 0:00:01]} 24. Rfd1 {[%emt 0:01:20]} Ke7 {[%emt 0:00:38]} 25. f4 {[%emt 0:00:56]} a5 {[%emt 0:00:20]} 26. Be4 {[%emt 0:02:54]} a4 {[%emt 0:04:15]} 27. Bxc6 {[%emt 0:00:16]} 1/2-1/2

[Event "WSCC 65 Open 2017"]
[Site "?"]
[Date "2017.11.12"]
[Round "6"]
[White "Lisenko, Alexander V"]
[Black "Hess, Christian"]
[Result "0-1"]
[WhiteElo "2372"]
[BlackElo "2236"]
[PlyCount "130"]
[EventDate "2017.??.??"]
[EventType "swiss"]
[EventCountry "ITA"]
[SourceTitle "Acqui Terme"]
[TimeControl "40/5400+30:1800+30"]
[WhiteClock "0:24:52"]
[BlackClock "0:14:31"]

1. Nf3 {[%emt 0:00:00]} Nf6 {[%emt 0:00:30]} 2. c4 {[%emt 0:00:00]} c6 {[%emt 0:00:14]} 3. b3 g6 {[%emt 0:00:49]} 4. Bb2 {[%emt 0:00:00]} Bg7 {[%emt 0:00:04]} 5. g3 {[%emt 0:01:22]} O-O {[%emt 0:00:39]} 6. Bg2 d6 7. d4 {[%emt 0:00:35]} Nbd7 {[%emt 0:02:15]} 8. O-O {[%emt 0:00:59]} Re8 9. Re1 {[%emt 0:11:04]} a5 {[%emt 0:11:50]} 10. e4 {[%emt 0:03:30]} e5 {[%emt 0:02:23]} 11. dxe5 {[%emt 0:14:53]} Ng4 {[%emt 0:04:16]} 12. Nc3 {[%emt 0:15:09]} Ngxe5 {[%emt 0:14:40]} 13. Na4 {[%emt 0:06:52]} Nxf3+ {[%emt 0:05:50]} 14. Bxf3 {[%emt 0:01:32]} Bxb2 {[%emt 0:07:20]} 15. Nxb2 {[%emt 0:00:04]} Qf6 {[%emt 0:00:23]} 16. Nd3 {[%emt 0:06:22]} Ne5 {[%emt 0:00:33]} 17. Nxe5 {[%emt 0:02:10]} dxe5 {[%emt 0:01:08]} 18. Re3 {[%emt 0:03:19]} Rd8 {[%emt 0:00:14]} 19. Rd3 {[%emt 0:00:13]} Be6 {[%emt 0:03:42]} 20. c5 {[%emt 0:02:45]} a4 {[%emt 0:05:23]} 21. Be2 {[%emt 0:08:33]} Rxd3 {[%emt 0:13:22]} 22. Bxd3 {[%emt 0:01:40]} Rd8 {[%emt 0:00:56]} 23. Qe2 {[%emt 0:03:00]} axb3 {[%emt 0:02:47]} 24. axb3 {[%emt 0:00:01]} Bxb3 {[%emt 0:00:38]} 25. Rb1 {[%emt 0:00:23]} Qe6 {[%emt 0:07:11]} 26. Qe3 {[%emt 0:00:20]} Rd4 {[%emt 0:01:16]} 27. f4 {[%emt 0:02:58]} Bc4 {[%emt 0:05:59]} 28. Bc2 {[%emt 0:05:39]} Qe7 {[%emt 0:01:12]} 29. f5 {[%emt 0:01:21]} Qxc5 {[%emt 0:00:52]} 30. Kg2 {[%emt 0:01:42]} Bf1+ {[%emt 0:01:13]} 31. Kxf1 {[%emt 0:02:56]} Qxc2 {[%emt 0:01:56]} 32. Ra1 {[%emt 0:00:08]} Qxe4 {[%emt 0:02:52]} 33. Qxe4 {[%emt 0:00:39]} Rxe4 {[%emt 0:00:01]} 34. f6 {[%emt 0:00:07]} h5 {[%emt 0:00:29]} 35. Ra8+ {[%emt 0:00:04]} Kh7 {[%emt 0:00:04]} 36. Rf8 {[%emt 0:00:06]} g5 {[%emt 0:00:21]} 37. Rxf7+ {[%emt 0:01:18]} Kg6 {[%emt 0:00:10]} 38. Rxb7 {[%emt 0:00:02]} Kxf6 {[%emt 0:00:11]} 39. Kf2 {[%emt 0:00:24]} Kf5 {[%emt 0:01:08]} 40. h3 {[%emt 0:01:15]} Rc4 {[%emt 0:30:34]} 41. Rf7+ {[%emt 0:32:06]} Ke4 {[%emt 0:00:20]} 42. g4 {[%emt 0:00:14]} hxg4 {[%emt 0:04:12]} 43. hxg4 {[%emt 0:00:35]} Kd3 {[%emt 0:01:23]} 44. Rd7+ {[%emt 0:04:51]} Rd4 {[%emt 0:00:00]} 45. Rc7 {[%emt 0:00:00]} e4 {[%emt 0:00:00]} 46. Rxc6 {[%emt 0:00:00]} e3+ {[%emt 0:00:00]} 47. Ke1 {[%emt 0:00:00]} Rxg4 {[%emt 0:00:00]} 48. Rd6+ {[%emt 0:00:00]} Rd4 {[%emt 0:00:00]} 49. Rg6 {[%emt 0:00:00]} g4 {[%emt 0:00:00]} 50. Rg7 {[%emt 0:00:00]} Ra4 {[%emt 0:00:00]} 51. Rd7+ {[%emt 0:00:00]} Ke4 {[%emt 0:00:00]} 52. Ke2 {[%emt 0:00:00]} Ra2+ {[%emt 0:00:00]} 53. Kf1 {[%emt 0:00:00]} Kf3 {[%emt 0:00:00]} 54. Rf7+ {[%emt 0:00:00]} Kg3 {[%emt 0:00:00]} 55. Re7 {[%emt 0:00:00]} Rf2+ {[%emt 0:00:00]} 56. Kg1 {[%emt 0:00:00]} Kf3 {[%emt 0:00:00]} 57. Rf7+ {[%emt 0:00:00]} Ke2 {[%emt 0:00:00]} 58. Rg7 {[%emt 0:00:00]} Ke1 {[%emt 0:00:00]} 59. Rxg4 {[%emt 0:00:00]} e2 {[%emt 0:00:00]} 60. Rd4 {[%emt 0:00:00]} Rf5 {[%emt 0:00:00]} 61. Rd7 {[%emt 0:00:00]} Rg5+ {[%emt 0:00:00]} 62. Kh2 {[%emt 0:00:00]} Kf2 {[%emt 0:00:00]} 63. Rf7+ {[%emt 0:00:00]} Ke3 {[%emt 0:00:00]} 64. Re7+ {[%emt 0:00:00]} Kf3 {[%emt 0:00:00]} 65. Re8 {[%emt 0:00:00]} Rg4 {[%emt 0:00:00]} 0-1

[Event "WSCC 65 Open 2017"]
[Site "?"]
[Date "2017.11.12"]
[Round "6"]
[White "Rooze, Jan"]
[Black "Sorensen, Bent"]
[Result "1-0"]
[WhiteElo "2314"]
[BlackElo "2216"]
[PlyCount "80"]
[EventDate "2017.??.??"]
[EventType "swiss"]
[EventCountry "ITA"]
[SourceTitle "Acqui Terme"]
[TimeControl "40/5400+30:1800+30"]
[WhiteClock "0:11:39"]
[BlackClock "0:06:19"]

1. e4 {[%emt 0:00:00]} e6 {[%emt 0:00:04]} 2. d4 {[%emt 0:00:00]} d5 {[%emt 0:00:04]} 3. Nc3 Bb4 {[%emt 0:00:46]} 4. e5 {[%emt 0:00:00]} Ne7 {[%emt 0:00:43]} 5. a3 {[%emt 0:01:41]} Bxc3+ {[%emt 0:02:52]} 6. bxc3 {[%emt 0:00:07]} O-O 7. Bd3 {[%emt 0:08:53]} c5 {[%emt 0:05:55]} 8. Qh5 {[%emt 0:01:48]} g6 {[%emt 0:08:47]} 9. Qh6 {[%emt 0:02:05]} Kh8 {[%emt 0:02:05]} 10. Bg5 {[%emt 0:03:57]} Ng8 {[%emt 0:00:55]} 11. Bxd8 {[%emt 0:00:06]} Nxh6 {[%emt 0:00:08]} 12. Be7 {[%emt 0:00:03]} Re8 {[%emt 0:01:04]} 13. Bxc5 {[%emt 0:00:09]} b6 {[%emt 0:00:44]} 14. Bb4 {[%emt 0:18:56]} Ba6 {[%emt 0:00:52]} 15. a4 {[%emt 0:01:21]} Bxd3 {[%emt 0:00:55]} 16. cxd3 {[%emt 0:00:05]} Nc6 {[%emt 0:03:32]} 17. Ba3 {[%emt 0:00:34]} Na5 {[%emt 0:00:28]} 18. Rb1 {[%emt 0:01:38]} Rac8 {[%emt 0:02:29]} 19. Kd2 {[%emt 0:01:12]} Rc6 {[%emt 0:04:10]} 20. f3 {[%emt 0:05:05]} Nf5 {[%emt 0:02:22]} 21. Ne2 {[%emt 0:01:49]} Kg7 {[%emt 0:01:14]} 22. h4 {[%emt 0:01:49]} Ne7 {[%emt 0:09:59]} 23. h5 {[%emt 0:01:45]} g5 {[%emt 0:01:45]} 24. h6+ {[%emt 0:03:01]} Kg6 {[%emt 0:01:32]} 25. f4 {[%emt 0:04:41]} f6 {[%emt 0:10:45]} 26. exf6 {[%emt 0:12:51]} Kxf6 {[%emt 0:00:20]} 27. fxg5+ {[%emt 0:00:24]} Kxg5 {[%emt 0:00:30]} 28. Kc2 {[%emt 0:01:20]} Nf5 {[%emt 0:04:51]} 29. Bc1+ {[%emt 0:00:21]} Kg4 {[%emt 0:03:49]} 30. Rf1 {[%emt 0:02:09]} Rg8 {[%emt 0:05:20]} 31. Bd2 {[%emt 0:01:40]} Rcc8 {[%emt 0:07:32]} 32. Rf4+ {[%emt 0:04:38]} Kh5 {[%emt 0:08:49]} 33. g4+ {[%emt 0:08:26]} Rxg4 {[%emt 0:00:14]} 34. Rh1+ {[%emt 0:00:17]} Nh4 {[%emt 0:02:14]} 35. Be1 {[%emt 0:03:08]} Rxf4 {[%emt 0:02:41]} 36. Nxf4+ {[%emt 0:00:09]} Kg4 {[%emt 0:00:08]} 37. Rxh4+ {[%emt 0:00:06]} Kf3 {[%emt 0:00:14]} 38. Nxe6 {[%emt 0:01:19]} Re8 {[%emt 0:01:49]} 39. Ng5+ {[%emt 0:00:17]} Ke2 {[%emt 0:00:18]} 40. Bd2 {[%emt 0:00:31]} Rh8 {[%emt 0:31:12]} 1-0

[Event "WSCC 65 Open 2017"]
[Site "?"]
[Date "2017.11.12"]
[Round "6"]
[White "Stebbings, Anthony J"]
[Black "Trois, Francisco R T"]
[Result "0-1"]
[WhiteElo "2301"]
[BlackElo "2184"]
[PlyCount "52"]
[EventDate "2017.??.??"]
[EventType "swiss"]
[EventCountry "ITA"]
[SourceTitle "Acqui Terme"]
[TimeControl "40/5400+30:1800+30"]
[WhiteClock "0:26:28"]
[BlackClock "0:30:36"]

1. e4 {[%emt 0:00:00]} c6 {[%emt 0:01:42]} 2. d4 {[%emt 0:00:00]} d5 3. exd5 {[%emt 0:00:00]} cxd5 4. c4 {[%emt 0:00:00]} Nf6 {[%emt 0:03:32]} 5. Nc3 Nc6 {[%emt 0:09:04]} 6. Bg5 {[%emt 0:00:10]} Be6 {[%emt 0:02:53]} 7. a3 {[%emt 0:02:24]} g6 {[%emt 0:01:51]} 8. Bxf6 {[%emt 0:02:59]} exf6 {[%emt 0:00:33]} 9. Be2 {[%emt 0:12:22]} Qd7 {[%emt 0:04:47]} 10. c5 {[%emt 0:03:50]} Bg7 {[%emt 0:05:05]} 11. Bf3 {[%emt 0:02:21]} O-O {[%emt 0:00:23]} 12. Nge2 {[%emt 0:00:51]} Rfd8 {[%emt 0:18:49]} 13. O-O {[%emt 0:02:07]} g5 {[%emt 0:02:07]} 14. g3 {[%emt 0:02:31]} f5 {[%emt 0:02:36]} 15. Qd2 {[%emt 0:05:40]} Bf6 {[%emt 0:00:07]} 16. b4 {[%emt 0:01:14]} Kg7 {[%emt 0:01:07]} 17. Bg2 {[%emt 0:07:42]} h5 {[%emt 0:01:03]} 18. f4 {[%emt 0:01:36]} g4 {[%emt 0:00:14]} 19. Nd1 {[%emt 0:05:08]} b6 {[%emt 0:07:01]} 20. Ne3 {[%emt 0:15:28]} bxc5 {[%emt 0:01:46]} 21. bxc5 {[%emt 0:00:03]} Rab8 {[%emt 0:00:38]} 22. Rab1 {[%emt 0:00:18]} Ne7 {[%emt 0:06:23]} 23. Qa5 {[%emt 0:07:14]} Nc6 {[%emt 0:00:13]} 24. Qc3 {[%emt 0:01:03]} Ne7 {[%emt 0:00:35]} 25. Qa5 {[%emt 0:01:09]} Nc6 {[%emt 0:00:02]} 26. Qc3 {[%emt 0:00:22]} Ne7 {[%emt 0:00:23]} 0-1

[Event "WSCC 65 Open 2017"]
[Site "?"]
[Date "2017.11.12"]
[Round "6"]
[White "Povah, Nigel E"]
[Black "Vaisser, Anatoly"]
[Result "0-1"]
[WhiteElo "2295"]
[BlackElo "2503"]
[Annotator "TA"]
[PlyCount "94"]
[EventDate "2017.??.??"]
[EventType "swiss"]
[EventCountry "ITA"]
[SourceTitle "Acqui Terme"]

{[%evp 9,94,9,37,37,30,30,44,5,12,10,18,4,13,4,4,4,25,23,28,4,4,0,5,6,4,7,8,2,22,2,3,-30,-27,-35,-20,-60,-62,-74,-75,-50,-49,-78,-89,-75,-82,-105,-69,-100,-93,-127,-135,-149,-136,-193,-167,-159,0,-179,-100,-218,-207,-207,-210,-201,-200,-262,-249,-440,-260,-243,-246,-269,-274,-277,-269,-299,-295,-307,-303,-353,-338,-470,-453,-438,-417,-592,-548]} 1. d4 d5 2. Nf3 Nf6 3. Bf4 c5 4. e3 cxd4 5. exd4 Qb6 (5... Nc6 6. c3 Bg4 7. Qb3 Na5 8. Qa4+ Bd7 9. Qc2 Nc6 10. Nbd2 Rc8 11. Qb3 Na5 12. Qd1 Nc6 13. h3 g6 14. Bd3 Bg7 {1-0 (40) Anand,V (2783)-Santos Latasa,J (2542) Leon 2017}) 6. Nc3 {B13: Caro-Kann: Exchange Variation and Panov-Botvinnik Attack} a6 7. Na4 Qd8 $146 ({Predecessor:} 7... Qa5+ 8. c3 e6 9. b4 Qd8 10. Bd3 Be7 11. O-O O-O 12. Re1 Nbd7 13. Nc5 {0-1 (51) Reich,T (2368)-Kunin,V (2532) Nuremberg 2009}) 8. h3 {White is slightly better.} e6 9. Bd3 Bd7 10. Nc3 Qb6 11. Ne2 Bb5 12. O-O Be7 13. Ne5 Nc6 14. c3 Bxd3 15. Nxd3 Nd7 16. Re1 O-O 17. Ng3 Rfe8 18. Qg4 Bf8 19. Re2 Qb5 20. Ne5 (20. Re3 {with more complications.} Nf6 21. Qf3 Nd7 22. a4 Qb6 23. b4) 20... Ncxe5 21. dxe5 Rac8 22. Rc1 g6 23. h4 Qa4 24. b3 Qa5 25. Kh2 Rc6 26. h5 Bg7 27. hxg6 fxg6 (27... hxg6 {is interesting.} 28. Qg5 Qd8 29. Qxd8 Rxd8 30. c4 dxc4 31. bxc4 Nb6) 28. Qg5 Qd8 29. Qg4 Qc7 30. Qg5 Rxc3 31. Rd1 (31. Rxc3 $17 Qxc3 32. f3) 31... Qd8 32. Qg4 Qc7 33. Qg5 Rf8 ({Better is} 33... Rc6 $19 34. Rd4 b5) 34. Rd4 (34. Bd2 $17) 34... Qd8 {Hoping for ...Qxg5.} 35. Qg4 Qb6 36. Rd1 Rc6 37. Qg5 h6 {[%cal Bh7h6,Bh6h5,Bh5h4][%mdl 32]} 38. Qe7 $2 {[#]} (38. Qh4 {is a better defense.} g5 39. Bxg5 hxg5 40. Qxg5) 38... Qd8 (38... Rxf4 $142 39. Qxd7 Rxf2 40. Rxf2 Qxf2) 39. Qxd8 $19 Rxd8 40. Nf1 g5 41. Bg3 h5 42. Kg1 Rdc8 43. f3 Rc2 44. Rde1 h4 45. Bh2 Rxe2 46. Rxe2 Rc1 47. f4 (47. b4 {keeps fighting.}) 47... Bf8 {Precision: White = 37%, Black = 68%.} 0-1